00703nam a2200229 a 4500001001300000003000900013005001700022008004100039020000900080082002000089100002300109245003400132260005000166300000900216500003500225650003000260700002300290902000800313942000700321952013000328999001500458nice12345678IN_TiNIC20260116011857.0070824s1930 sina grp 000 0 eng  ac2500a297.122521bSAR aSarwar, A H Ghulam aTranslation of the Holy Quran aSingapore bAl-Haj Hafiz Ghulam Sarwar c1930 a377p aincludes index and biblioraphy aQuran-Translation-English1 aSarwar, A H Ghulam bSRS cBK 001040708StackRoom-aHMIbHMId2007-08-24g25.00l1o297.122521 SARp09921r2020-03-12s2020-02-25v25.00w2007-08-24yBK c4651d4651